[Event "SRB-ch sf (Women)"]
[Site "Paracin"]
[Date "2024.02.07"]
[Round "4"]
[White "Jovanovic, Anja"]
[Black "Bukhteeva, Viktoria"]
[Result "0-1"]
[WhiteElo "1910"]
[BlackElo "2070"]
[PlyCount "100"]
[EventDate "2024.02.05"]
[EventType "tourn"]
[EventRounds "9"]
[EventCountry "SRB"]
[SourceTitle "CB08_2024"]
[SourceDate "2024.02.21"]
[SourceVersion "1"]
[SourceVersionDate "2024.02.21"]
[SourceQuality "1"]

1. e4 c5 2. Nf3 Nf6 3. e5 Nd5 4. d4 cxd4 5. c3 Nc6 6. cxd4 d6 7. Bc4 dxe5 8. dxe5 Ndb4 9. Qb3 e6 10. 0-0 Na5 11. Bb5+ Bd7 12. Qa4 Bxb5 13. Qxb5+ Nac6 14. Nc3 a6 15. Qe2 Qd3 16. Rd1 Qxe2 17. Nxe2 Be7 18. Nc3 Rd8 19. Rxd8+ Bxd8 20. Ne4 0-0 21. Nc5 Bc7 22. Bg5 h6 23. Bd2 b6 24. a3 bxc5 25. axb4 Nxb4 26. Kf1 a5 27. Ke2 Rd8 28. Rc1 Rd5 29. Bxb4 axb4 30. b3 Bxe5 31. Nxe5 Rxe5+ 32. Kd3 Rd5+ 33. Ke2 Kf8 34. Ra1 Ke7 35. Ra7+ Kf6 36. f4 g5 37. fxg5+ hxg5 38. Rc7 g4 39. Ke3 Rh5 40. Kf4 Rxh2 41. Kg3 Rh5 42. Kxg4 Rd5 43. Kf4 Rd3 44. Rxc5 Rxb3 45. Rb5 Rb2 46. g3 b3 47. Kf3 Rb1 48. Kg2 e5 49. g4 b2 50. Rb4 e4 0-1

[Event "SRB-ch sf (Women)"]
[Site "Paracin"]
[Date "2024.02.06"]
[Round "3"]
[White "Radenkovic, Mila"]
[Black "Jovanovic, Anja"]
[Result "1-0"]
[WhiteElo "1741"]
[BlackElo "1910"]
[PlyCount "137"]
[EventDate "2024.02.05"]
[EventType "tourn"]
[EventRounds "9"]
[EventCountry "SRB"]
[SourceTitle "CB08_2024"]
[SourceDate "2024.02.21"]
[SourceVersion "1"]
[SourceVersionDate "2024.02.21"]
[SourceQuality "1"]

1. e4 Nf6 2. Nc3 d5 3. exd5 Nxd5 4. Nxd5 Qxd5 5. Nf3 Bf5 6. d3 Nc6 7. Be3 e5 8. Be2 Be7 9. 0-0 0-0 10. h3 Rad8 11. Qc1 h6 12. Rd1 Qe6 13. Nh2 Qg6 14. Bg4 Bxg4 15. hxg4 Bd6 16. g5 hxg5 17. Bxg5 Nd4 18. Re1 f6 19. Be3 Qh5 20. Qd1 Qxd1 21. Rexd1 Nxc2 22. Rac1 Nxe3 23. fxe3 b6 24. Nf3 Kf7 25. Kf2 g5 26. g4 Kg6 27. Ke2 Rh8 28. Rh1 Rhe8 29. e4 a5 30. Nd2 Rh8 31. Nf3 c5 32. a4 b5 33. axb5 Rxh1 34. Rxh1 Rb8 35. Nd2 Kg7 36. Nc4 Bc7 37. b6 Bxb6 38. Kd2 Bc7 39. Kc2 Rb7 40. Ra1 Rb5 41. Kc3 Kf7 42. Ne3 Bd8 43. Nd5 Rb8 44. Rh1 Kg7 45. Ne3 Rb4 46. Nc4 Bc7 47. Kc2 Rb8 48. Ne3 Bd8 49. Nd5 Rb7 50. Rh2 Ra7 51. Kb3 a4+ 52. Ka3 Ra5 53. Rc2 Kf7 54. Rc4 Ra7 55. Rxa4 Rb7 56. Ra6 Be7 57. Ka2 Rd7 58. Kb3 Bd6 59. Kc4 Ke6 60. Nc3 Kf7 61. Nb5 Be7 62. Ra7 Rd8 63. Rb7 Kf8 64. Kc3 Kf7 65. Na7 Ke6 66. Rxe7+ Kxe7 67. Nc6+ Kd7 68. Nxd8 Kxd8 69. Kc4 1-0

[Event "Vojvodina-chT (Women) 29th"]
[Site "Novi Sad"]
[Date "2023.11.10"]
[Round "2.2"]
[White "Von Bismarck, Desanka"]
[Black "Jovanovic, Anja"]
[Result "0-1"]
[WhiteElo "1367"]
[BlackElo "1912"]
[PlyCount "82"]
[EventDate "2023.11.09"]
[EventType "team-swiss"]
[EventRounds "5"]
[EventCountry "SRB"]
[SourceTitle "CB46_2023"]
[SourceDate "2023.11.15"]
[SourceVersion "1"]
[SourceVersionDate "2023.11.15"]
[SourceQuality "1"]
[WhiteTeam "Senta CC (W)"]
[BlackTeam "Rastina Polet (W)"]
[WhiteTeamCountry "SRB"]
[BlackTeamCountry "SRB"]

1. e4 e5 2. d3 Bc5 3. Nf3 d6 4. Be2 Nf6 5. 0-0 Nc6 6. Bg5 h6 7. Bd2 g5 8. c3 g4 9. Ne1 Be6 10. Qc1 Nh5 11. Be3 Qd7 12. Bxc5 dxc5 13. Qe3 b6 14. g3 0-0-0 15. a4 a5 16. Na3 Ng7 17. Nb5 h5 18. Ng2 f5 19. f3 h4 20. Nxh4 f4 21. Qf2 gxf3 22. Nxf3 Nh5 23. Kh1 fxg3 24. Qe1 Nf4 25. Qxg3 Nxe2 26. Qf2 Qxd3 27. Rfe1 Bg4 28. Rf1 Rdf8 29. Rad1 Bxf3+ 30. Qxf3 Rxf3 31. Rxd3 Rxf1+ 32. Kg2 Nf4+ 33. Kxf1 Nxd3 34. Kg2 Nxb2 35. Kg3 Nxa4 36. h4 Kb7 37. Kg4 Na7 38. Nxa7 Kxa7 39. Kf5 Rxh4 40. Kxe5 Nxc3 41. Kf5 Rxe4 0-1

[Event "SRB-ch (Women) 17th"]
[Site "Senta"]
[Date "2023.06.14"]
[Round "9"]
[White "Jovanovic, Anja"]
[Black "Stankovic, Marija1111"]
[Result "1-0"]
[WhiteElo "1929"]
[BlackElo "1836"]
[PlyCount "37"]
[EventDate "2023.06.06"]
[EventType "tourn"]
[EventRounds "9"]
[EventCountry "SRB"]
[SourceTitle "CBM 214 Extra"]
[Source "ChessBase"]
[SourceDate "2023.07.31"]
[SourceVersion "1"]
[SourceVersionDate "2023.07.31"]
[SourceQuality "1"]

1. e4 c6 2. d4 d5 3. exd5 cxd5 4. Bd3 Nc6 5. c3 Nf6 6. Bf4 Bg4 7. Qb3 Qd7 8. Nd2 e6 9. Ngf3 Bd6 10. Bxd6 Qxd6 11. 0-0 0-0 12. Rae1 Rab8 13. Re3 Bxf3 14. Nxf3 a6 15. Qd1 Qf4 16. Ne5 Nxe5 17. dxe5 Ng4 18. Rh3 g6 19. g3 1-0

[Event "SRB-ch (Women) 17th"]
[Site "Senta"]
[Date "2023.06.11"]
[Round "6"]
[White "Jovanovic, Anja"]
[Black "Eric, Jovana"]
[Result "1/2-1/2"]
[WhiteElo "1929"]
[BlackElo "2210"]
[PlyCount "70"]
[EventDate "2023.06.06"]
[EventType "tourn"]
[EventRounds "9"]
[EventCountry "SRB"]
[SourceTitle "CBM 214 Extra"]
[Source "ChessBase"]
[SourceDate "2023.07.31"]
[SourceVersion "1"]
[SourceVersionDate "2023.07.31"]
[SourceQuality "1"]

1. e4 e5 2. Nf3 Nc6 3. Bb5 a6 4. Ba4 Nf6 5. d3 b5 6. Bb3 Be7 7. 0-0 d6 8. a3 0-0 9. Nc3 Na5 10. Ba2 c5 11. b4 Nc6 12. bxc5 dxc5 13. Bg5 Be6 14. Qe2 Bg4 15. Qe3 Nd4 16. Nxe5 Nxc2 17. Qd2 Nxa1 18. Bxf6 Bxf6 19. Nxg4 Bd4 20. Bd5 Rc8 21. Ne2 h5 22. Nxd4 cxd4 23. Ne5 Nc2 24. Nc6 Rxc6 25. Bxc6 Nxa3 26. Qb4 Qc7 27. Rc1 Nc4 28. Bxb5 axb5 29. dxc4 d3 30. Qxb5 Qf4 31. Rd1 Rd8 32. Qb6 Rd7 33. Qc5 Rd8 34. Qb6 Rd7 35. Qc5 Rd8 1/2-1/2

[Event "SRB-ch (Women) 17th"]
[Site "Senta"]
[Date "2023.06.07"]
[Round "2"]
[White "Jovanovic, Anja"]
[Black "Djukic, Sandra"]
[Result "0-1"]
[WhiteElo "1929"]
[BlackElo "2107"]
[PlyCount "92"]
[EventDate "2023.06.06"]
[EventType "tourn"]
[EventRounds "9"]
[EventCountry "SRB"]
[SourceTitle "CBM 214 Extra"]
[Source "ChessBase"]
[SourceDate "2023.07.31"]
[SourceVersion "1"]
[SourceVersionDate "2023.07.31"]
[SourceQuality "1"]

1. e4 d5 2. exd5 Nf6 3. Bb5+ Nbd7 4. c4 a6 5. Bxd7+ Qxd7 6. a4 c6 7. d4 cxd5 8. c5 b6 9. b4 bxc5 10. dxc5 Qc7 11. Nf3 Bg4 12. 0-0 e6 13. a5 Be7 14. Qa4+ Nd7 15. b5 Bxf3 16. b6 Qxc5 17. Bf4 d4 18. gxf3 e5 19. b7 Rd8 20. Rc1 Qd5 21. Bg3 Qxb7 22. Bxe5 0-0 23. Bc7 Nc5 24. Rxc5 Bxc5 25. Bxd8 Rxd8 26. Nd2 Qd5 27. Ne4 Bf8 28. Rd1 h6 29. Rd3 Be7 30. Kg2 Kh7 31. Ng3 Rd6 32. Qc2 g6 33. Qc7 Rd7 34. Qb6 Qc4 35. Rd2 Bd8 36. Qb8 Bxa5 37. Ne4 Bd8 38. Qe5 Qd5 39. Qe8 a5 40. Qxd8 Rxd8 41. Nf6+ Kg7 42. Nxd5 Rxd5 43. f4 d3 44. Kf3 Kf6 45. Ke4 Ke6 46. Ke3 h5 0-1

[Event "SRB-ch (Women) 17th"]
[Site "Senta"]
[Date "2023.06.06"]
[Round "1"]
[White "Ostojic, Katarina"]
[Black "Jovanovic, Anja"]
[Result "0-1"]
[WhiteElo "1989"]
[BlackElo "1929"]
[PlyCount "110"]
[EventDate "2023.06.06"]
[EventType "tourn"]
[EventRounds "9"]
[EventCountry "SRB"]
[SourceTitle "CBM 214 Extra"]
[Source "ChessBase"]
[SourceDate "2023.07.31"]
[SourceVersion "1"]
[SourceVersionDate "2023.07.31"]
[SourceQuality "1"]

1. d4 d5 2. c4 e6 3. Nf3 Nf6 4. g3 Be7 5. Bg2 0-0 6. 0-0 dxc4 7. Qc2 a6 8. a4 Bd7 9. Qxc4 Bc6 10. Bf4 Bd6 11. Nc3 a5 12. Ne5 Bxg2 13. Kxg2 c6 14. e4 Bb4 15. f3 Nbd7 16. Rfd1 Nb6 17. Qb3 Qe7 18. Nd3 Nfd7 19. h4 Rfc8 20. Bg5 Qf8 21. Rac1 Kh8 22. Ne2 c5 23. dxc5 Nxc5 24. Nxc5 Rxc5 25. Be3 Rxc1 26. Nxc1 Bc5 27. Bd4 h6 28. Qb5 Bxd4 29. Rxd4 Qc8 30. Nd3 Qc7 31. Nf2 e5 32. Rd1 f6 33. g4 Nc4 34. Rd3 Rc8 35. Rc3 Qc6 36. Qb3 Qb6 37. Qxb6 Nxb6 38. Rxc8+ Nxc8 39. Nd1 Nb6 40. b3 Nd7 41. Ne3 Nc5 42. Nc4 Nxb3 43. Nd6 Nc5 44. Kf2 b6 45. Nc4 Nxa4 46. h5 Kg8 47. f4 Nc5 48. fxe5 a4 49. e6 Nxe6 50. Na3 Nc7 51. Ke3 b5 52. Kd4 b4 53. Nc2 Nb5+ 54. Kd3 b3 55. Nb4 a3 0-1

[Event "SRB-ch U18 Girls"]
[Site "Novi Sad"]
[Date "2022.08.04"]
[Round "4.1"]
[White "Radenkovic, Mila"]
[Black "Jovanovic, Anja"]
[Result "1/2-1/2"]
[WhiteElo "1871"]
[BlackElo "1798"]
[PlyCount "155"]
[EventDate "2022.08.01"]
[EventType "tourn"]
[EventRounds "5"]
[EventCountry "SRB"]
[SourceTitle "CBM 209 Extra"]
[Source "ChessBase"]
[SourceDate "2022.09.30"]
[SourceVersion "1"]
[SourceVersionDate "2022.09.30"]
[SourceQuality "1"]

1. e4 e5 2. Nf3 Nf6 3. Nc3 Bb4 4. Bc4 0-0 5. d3 d5 6. exd5 Bxc3+ 7. bxc3 Nxd5 8. Qd2 Bg4 9. Bxd5 Qxd5 10. Qg5 Qe6 11. Nd2 Nd7 12. 0-0 h6 13. Qh4 Qg6 14. Qg3 Bh5 15. Qxg6 Bxg6 16. Rb1 b6 17. Re1 f6 18. Ba3 Rfe8 19. Re3 Bf7 20. Ra1 Nf8 21. Ne4 Ng6 22. c4 Nf4 23. Bb2 Rad8 24. Bc3 Ne6 25. Kf1 Bg6 26. Nd2 Nc5 27. f3 a5 28. Rb1 Rd6 29. Rbe1 Red8 30. Nb3 Ne6 31. Kf2 Nf4 32. g3 Ne6 33. f4 Nd4 34. Bxd4 exd4 35. Re7 R8d7 36. Rxd7 Rxd7 37. Rb1 c5 38. Nd2 Rb7 39. Kf3 Kf8 40. g4 Ke7 41. f5 Be8 42. Kf4 Ba4 43. Rb2 Be8 44. Ne4 Bc6 45. Ng3 b5 46. cxb5 Rxb5 47. Rxb5 Bxb5 48. Ne4 c4 49. dxc4 Bxc4 50. a3 d3 51. c3 Bd5 52. Nd2 Kd6 53. Ke3 Ke5 54. a4 h5 55. gxh5 Kxf5 56. Kxd3 Bc6 57. Nc4 Bxa4 58. Nxa5 Kg5 59. Ke3 f5 60. h6 gxh6 61. Kf3 h5 62. Nc4 f4 63. Ne5 Kf5 64. Nd3 Bc6+ 65. Ke2 Bb5 66. Kd2 Ke4 67. Nf2+ Kf3 68. Ke1 Kg2 69. h3 f3 70. Ne4 h4 71. Nf2 Kg3 72. Ne4+ Kg2 73. Nf2 Kg3 74. Ne4+ Kxh3 75. Kf2 Bd3 76. Ng5+ Kg4 77. Nxf3 Be4 78. Nxh4 1/2-1/2

[Event "Split op 11th"]
[Site "Split"]
[Date "2022.07.17"]
[Round "2"]
[White "Polok, Kacper"]
[Black "Jovanovic, Anja"]
[Result "1-0"]
[WhiteElo "2215"]
[BlackElo "1926"]
[PlyCount "53"]
[EventDate "2022.07.16"]
[EventType "swiss"]
[EventRounds "9"]
[EventCountry "CRO"]
[SourceTitle "CBM 209 Extra"]
[Source "ChessBase"]
[SourceDate "2022.09.30"]
[SourceVersion "1"]
[SourceVersionDate "2022.09.30"]
[SourceQuality "1"]

1. e4 e5 2. Nf3 Nf6 3. d4 Nxe4 4. Bd3 d5 5. Nxe5 Nd7 6. Nxd7 Bxd7 7. 0-0 Bd6 8. c4 c6 9. cxd5 cxd5 10. Nc3 Nxc3 11. bxc3 0-0 12. Qh5 g6 13. Qxd5 Qc7 14. h3 Be6 15. Qf3 Qxc3 16. Bh6 Rfd8 17. Rad1 Bxa2 18. h4 Qxd4 19. Bc4 Qe5 20. Qxf7+ Kh8 21. Rxd6 Bxc4 22. Rxd8+ Rxd8 23. Qxc4 b5 24. Qb4 Re8 25. Bc1 Qe4 26. Bb2+ Kg8 27. Qc3 1-0

[Event "EU-ch Hybrid U16 Girls"]
[Site "Tornelo INT"]
[Date "2021.10.15"]
[Round "2"]
[White "Jovanovic, Anja"]
[Black "Pipiras, Filipa Fortuna"]
[Result "1/2-1/2"]
[WhiteElo "1781"]
[BlackElo "1995"]
[PlyCount "123"]
[EventDate "2021.10.15"]
[EventType "swiss"]
[EventRounds "9"]
[EventCountry "NET"]
[SourceTitle "EXT 2023"]
[Source "ChessBase"]
[SourceDate "2022.10.05"]
[SourceVersion "1"]
[SourceVersionDate "2022.10.05"]
[SourceQuality "1"]
[WhiteTeam "Serbia"]
[BlackTeam "Portugal"]
[WhiteTeamCountry "SRB"]
[BlackTeamCountry "POR"]

1. e4 c5 2. c3 Nf6 3. e5 Nd5 4. d4 cxd4 5. Nf3 d6 6. cxd4 Nc6 7. Bc4 Nb6 8. Bb5 a6 9. Bxc6+ bxc6 10. 0-0 Bg4 11. Qd3 e6 12. Qe4 Bxf3 13. Qxf3 d5 14. Qg4 c5 15. Bg5 Qb8 16. Nd2 cxd4 17. Qxd4 Nd7 18. Nf3 Bc5 19. Qc3 0-0 20. Bf4 Rc8 21. Qd3 Qxb2 22. Ng5 g6 23. Qh3 Nf8 24. Qh4 Rab8 25. h3 Be7 26. Qg3 Qa3 27. Nf3 Rc2 28. Rab1 Rxb1 29. Rxb1 Bc5 30. Rf1 Rxa2 31. Bh6 Nd7 32. Qh4 Be7 33. Qf4 Qb4 34. Qe3 Qb6 35. Qf4 Qb4 36. Qe3 Bc5 37. Qg5 Qb8 38. Qf4 Rb2 39. Ng5 Qe8 40. Qh4 Rb4 41. Qg3 a5 42. Rc1 Rb2 43. Kh1 a4 44. Qf4 Rb4 45. Qg3 a3 46. Qxa3 Rb1 47. Qc3 Rxc1+ 48. Qxc1 Bxf2 49. Qf4 Bc5 50. Qa4 Qd8 51. Qf4 Qe7 52. Qa4 f6 53. exf6 Nxf6 54. Qa8+ Qe8 55. Qb7 Nd7 56. Qc6 Be3 57. Qc3 d4 58. Qc4 Ne5 59. Qc7 Nd7 60. Qc4 Ne5 61. Qc7 Nd7 62. Qc4 1/2-1/2

[Event "SRB-ch U18 Girls"]
[Site "Novi Sad"]
[Date "2021.08.04"]
[Round "2"]
[White "Veljkovic, Varvara"]
[Black "Jovanovic, Anja"]
[Result "0-1"]
[WhiteElo "1489"]
[BlackElo "1679"]
[PlyCount "72"]
[EventDate "2021.08.03"]
[EventType "tourn"]
[EventRounds "9"]
[EventCountry "SRB"]
[SourceTitle "EXT 2022"]
[Source "ChessBase"]
[SourceDate "2021.10.06"]
[SourceVersion "1"]
[SourceVersionDate "2021.10.06"]
[SourceQuality "1"]

1. e4 e5 2. Nc3 Nf6 3. Bc4 Bc5 4. d3 h6 5. f4 d6 6. Nf3 Bg4 7. Na4 Bb6 8. Nxb6 axb6 9. 0-0 Nbd7 10. f5 Nc5 11. h3 Bxf3 12. Qxf3 c6 13. Qg3 Rg8 14. Rf3 b5 15. b4 Na6 16. Bb3 Nxb4 17. a3 c5 18. Bb2 Nc6 19. Rd1 Na5 20. Re3 Nc6 21. Bd5 Nxd5 22. exd5 Nd4 23. Rde1 f6 24. Qf2 Qd7 25. Bxd4 cxd4 26. Re4 Kf7 27. Qd2 Rxa3 28. g4 Rc3 29. Rb1 Rgc8 30. Rb2 b4 31. Re2 Qb5 32. h4 Qxd5 33. Rxb4 Qf3 34. Rb6 Rxc2 35. Qxc2 Rxc2 36. Rxc2 Qd1+ 0-1

[Event "SRB-ch U16 Girls"]
[Site "Subotica"]
[Date "2021.05.05"]
[Round "4"]
[White "Jovanovic, Anja"]
[Black "Dinic, Andjela"]
[Result "1/2-1/2"]
[WhiteElo "1790"]
[BlackElo "1646"]
[PlyCount "47"]
[EventDate "2021.05.03"]
[EventType "tourn"]
[EventRounds "9"]
[EventCountry "SRB"]
[SourceTitle "EXT 2022"]
[Source "ChessBase"]
[SourceDate "2021.10.06"]
[SourceVersion "1"]
[SourceVersionDate "2021.10.06"]
[SourceQuality "1"]

1. e4 d5 2. exd5 Qxd5 3. Nc3 Qa5 4. d4 c6 5. Bc4 Nf6 6. Nf3 Bg4 7. h3 Bh5 8. Bd2 Qc7 9. g4 Bg6 10. Ne5 e6 11. Qe2 Bd6 12. Nxg6 hxg6 13. 0-0-0 Bf4 14. h4 Bxd2+ 15. Rxd2 Nbd7 16. Qf3 Nb6 17. Bb3 0-0-0 18. Ne4 Nxe4 19. Qxe4 Nd5 20. a3 Qe7 21. g5 Qd6 22. Rh3 Ne7 23. Rh1 Nf5 24. c3 1/2-1/2

[Event "SRB-ch U16 Girls"]
[Site "Subotica"]
[Date "2021.05.04"]
[Round "2"]
[White "Palamarevic, Mina"]
[Black "Jovanovic, Anja"]
[Result "1-0"]
[WhiteElo "1377"]
[BlackElo "1790"]
[PlyCount "102"]
[EventDate "2021.05.03"]
[EventType "tourn"]
[EventRounds "9"]
[EventCountry "SRB"]
[SourceTitle "EXT 2022"]
[Source "ChessBase"]
[SourceDate "2021.10.06"]
[SourceVersion "1"]
[SourceVersionDate "2021.10.06"]
[SourceQuality "1"]

1. e4 e5 2. d4 exd4 3. Qxd4 Nc6 4. Qe3 Nf6 5. Nc3 Bb4 6. Bd2 0-0 7. 0-0-0 Re8 8. f3 d5 9. Qf2 dxe4 10. Nxe4 Nxe4 11. fxe4 Qe7 12. Bd3 Ne5 13. Kb1 b6 14. Ne2 Bxd2 15. Rxd2 Qb4 16. Nf4 Nc4 17. Bxc4 Qxc4 18. Nd5 Be6 19. Rf1 f6 20. b3 Qc6 21. Qg3 Bxd5 22. exd5 Qd6 23. Qxd6 cxd6 24. c4 Re3 25. Kc2 Rae8 26. Kd1 Kf7 27. Rff2 Kg6 28. b4 R8e4 29. Rc2 Rd3+ 30. Rfd2 Rxd2+ 31. Kxd2 Kf5 32. Kd3 Ke5 33. a4 a6 34. a5 bxa5 35. bxa5 Re1 36. Rb2 Ra1 37. Re2+ Kf5 38. Re6 Rxa5 39. Rxd6 Ke5 40. Re6+ Kf5 41. Re7 Ra1 42. c5 Rd1+ 43. Kc4 Rc1+ 44. Kb4 Rb1+ 45. Ka3 Rb5 46. Rc7 Ke5 47. d6 Ke6 48. d7 Ke7 49. c6 Rd5 50. Rc8 Rd6 51. Re8+ Kf7 1-0

[Event "SRB-ch U16 Girls"]
[Site "Subotica"]
[Date "2021.05.03"]
[Round "1"]
[White "Jovanovic, Anja"]
[Black "Petrovic, Julija"]
[Result "1-0"]
[WhiteElo "1790"]
[BlackElo "1373"]
[PlyCount "51"]
[EventDate "2021.05.03"]
[EventType "tourn"]
[EventRounds "9"]
[EventCountry "SRB"]
[SourceTitle "EXT 2022"]
[Source "ChessBase"]
[SourceDate "2021.10.06"]
[SourceVersion "1"]
[SourceVersionDate "2021.10.06"]
[SourceQuality "1"]

1. e4 c5 2. c3 Nf6 3. e5 Nd5 4. d4 cxd4 5. Nf3 e6 6. cxd4 d6 7. Bc4 Nc6 8. 0-0 Be7 9. Nbd2 0-0 10. Ne4 dxe5 11. dxe5 a6 12. Bg5 Bxg5 13. Nfxg5 Nb6 14. Qh5 h6 15. Rfd1 Qc7 16. Nf6+ Kh8 17. Nfh7 Nxc4 18. Nxf8 N4xe5 19. Rac1 Qe7 20. f4 Ng6 21. Nxg6+ fxg6 22. Qxg6 hxg5 23. fxg5 e5 24. Qh5+ Kg8 25. g6 Qc7 26. Rf1 1-0

[Event "Balkan-ch U14 Girls"]
[Site "Tornelo INT"]
[Date "2020.10.31"]
[Round "4"]
[White "Jovanovic, Anja"]
[Black "Mosurovic, Milena"]
[Result "1-0"]
[WhiteElo "1546"]
[BlackElo "1868"]
[PlyCount "73"]
[EventDate "2020.10.31"]
[EventType "swiss"]
[EventRounds "7"]
[EventCountry "NET"]
[SourceTitle "EXT 2023"]
[Source "ChessBase"]
[SourceDate "2022.10.05"]
[SourceVersion "1"]
[SourceVersionDate "2022.10.05"]
[SourceQuality "1"]

1. e4 d5 2. exd5 Qxd5 3. Nc3 Qd8 4. d4 Nf6 5. Nf3 Bg4 6. Be2 e6 7. 0-0 Bd6 8. h3 Bh5 9. Bg5 Nbd7 10. Qd2 0-0 11. Ne5 Bxe2 12. Qxe2 Be7 13. Rad1 c6 14. Rd3 Nd5 15. Nxd5 cxd5 16. Bxe7 Qxe7 17. Rg3 Nf6 18. c3 Rac8 19. Ng4 Rfe8 20. Re1 Ne4 21. Rf3 h5 22. Ne5 f6 23. Nd3 Rc6 24. Rf4 e5 25. dxe5 fxe5 26. Rf5 Re6 27. Qxh5 Rh6 28. Qe2 Qd6 29. Nb4 Qg6 30. Qg4 Qb6 31. Nxd5 Nxf2 32. Rxf2 Qc5 33. c4 Rf8 34. Ref1 Ra6 35. b4 Qd6 36. Rxf8+ Qxf8 37. Rxf8+ 1-0

[Event "EU-ch Online U14 Girls"]
[Site "Tornelo INT"]
[Date "2020.09.19"]
[Round "4"]
[White "Jovanovic, Anja"]
[Black "Bondar, Anastasiya"]
[Result "1/2-1/2"]
[WhiteElo "1546"]
[BlackElo "1390"]
[PlyCount "71"]
[EventDate "2020.09.18"]
[EventType "swiss (rapid)"]
[EventRounds "9"]
[EventCountry "NET"]
[SourceTitle "EXT 2023"]
[Source "ChessBase"]
[SourceDate "2022.10.05"]
[SourceVersion "1"]
[SourceVersionDate "2022.10.05"]
[SourceQuality "1"]
[WhiteTeam "Serbia"]
[BlackTeam "Belarus"]
[WhiteTeamCountry "SRB"]
[BlackTeamCountry "BLR"]

1. e4 e5 2. Nf3 Nc6 3. c3 d6 4. d4 Bd7 5. d5 Nce7 6. Bg5 g6 7. Be2 Bg7 8. 0-0 h6 9. Be3 f5 10. exf5 Nxf5 11. Nbd2 Nge7 12. Ne4 0-0 13. Qd2 Kh7 14. Rad1 Ng8 15. Bd3 Nf6 16. Bc2 Ne7 17. c4 Bg4 18. Nxf6+ Rxf6 19. Be4 Rf8 20. h3 Bf5 21. Qc2 b6 22. Nh4 Bxe4 23. Qxe4 Nf5 24. Nf3 Qf6 25. Nh2 Rae8 26. Ng4 Qh4 27. Qc2 h5 28. Nh2 e4 29. Rfe1 Qf6 30. Bc1 Nd4 31. Qd2 Nf5 32. Qc2 Nd4 33. Qd2 Nf5 34. Qc2 Nd4 35. Qd2 Nf5 36. Qc2 1/2-1/2